000 00393nam a2200157Ia 4500
008 230917s9999||||xx |||||||||||||| ||und||
040 _e72368
_aMAIN
041 _aEnglish
082 _a005.1 H66M
100 _aHoffer, Jeffrey A
245 0 _aModern systems analysis and design
250 _a2nd ed.
260 _aReading
_bAddison-Wesley
_c2000
300 _axxxii, 854 p.
942 _cBK
999 _c105218
_d105218